Whig Party Candidates for President and Vice President - Statistics

General Stats
  • This quiz has been taken 4 times
  • The average score is 14 of 18
Answer Stats
Election Answer % Correct
1836 (C) Daniel Webster
100%
1844 Henry Clay
100%
1836 (B) John Tyler
100%
1836 (D) John Tyler
100%
1840 John Tyler
100%
1856 Millard Fillmore
100%
1848 Millard Fillmore
100%
1836 (A) William Henry Harrison
100%
1840 William Henry Harrison
100%
1836 (D) Willie Person Mangum
100%
1852 Winfield Scott
100%
1848 Zachary Taylor
100%
1836 (B) Hugh Lawson White
75%
1856 Andrew Jackson Donelson
25%
1836 (A) Francis Granger
25%
1836 (C) Francis Granger
25%
1844 Theodore Frelinghuysen
25%
1852 William Alexander Graham
25%
No matching quizzes found
Score Distribution
Percent of People with Each Score
Percentile by Number Answered
Your Score History
You have not taken this quiz